000
00250 a2200097 4500
001
57448
100
_a
245
_a
Introduction to electronic warfare modeling and simulation
260
_a
Boston
_b
Artech House, Boston
_c
2003
090
_c
35179
_d
35179
942
_a
NUST-CAE
_c
_c
27979
999
_c
292521
_d
292521